[Event "C.to Italiano U14 femminile Finale"]
[Site "Torre Macauda - Sciacca ITA"]
[Date "2000.07.06"]
[Round "1"]
[White "Bianchini, Aurora"]
[Black "Gualdi, Daniela"]
[Result "1-0"]
[WhiteElo "1600"]
[BlackElo "1500"]
[PlyCount "125"]
[EventDate "2000.07.06"]

1.d4 d5 2.c4 e6 3.Nc3 Nf6 4.cxd5 exd5 5.Bg5 Nbd7 6.Nf3 Be7 7.e3 O-O 8.Bd3 
b6 9.O-O Bb7 10.Qc2 Rc8 11.Bf5 Ne4 12.Bxe7 Qxe7 13.Nxe4 dxe4 14.Ne5 Nxe5 
15.Bxc8 Rxc8 16.dxe5 Qxe5 17.Rfd1 Qe6 18.a3 c5 19.Rd2 Ba6 20.Rad1 Bd3 21.
Qc3 h6 22.h3 f5 23.f3 g6 24.g4 Qe7 25.Qb3+ Qf7 26.Qxf7+ Kxf7 27.Rc1 Kf6 
28.Kf2 Rc7 29.h4 h5 30.gxh5 gxh5 31.Kg3 Ke5 32.Rg1 Rg7+ 33.Kf2 Rxg1 34.
Kxg1 c4 35.f4+ Ke6 36.Rg2 Kf6 37.Rg8 Bc2 38.Ra8 a5 39.Ra6 a4 40.Rxb6+ Kg7 
41.Kf2 Bd3 42.Rb4 Bc2 43.Rxc4 Bb3 44.Rc5 Kf6 45.Rc6+ Kg7 46.Ke2 Ba2 47.Kd2
Bb3 48.Rb6 Ba2 49.Rb4 Bb3 50.Rxb3 axb3 51.a4 Kf7 52.a5 Kg7 53.a6 Kf7 54.a7
Kg7 55.a8=Q Kf7 56.Kc3 Kg7 57.Qa6 Kh7 58.Kd4 Kg7 59.Ke5 Kh7 60.Kxf5 Kg7 
61.Qc6 Kh7 62.Kg5 Kh8 63.Kg6 1-0

[Event "C.to Italiano U14 femminile Finale"]
[Site "Torre Macauda - Sciacca ITA"]
[Date "2000.07.06"]
[Round "1"]
[White "Zocco, Michela"]
[Black "Pili, Erika"]
[Result "1/2-1/2"]
[WhiteElo "1507"]
[BlackElo "1612"]
[PlyCount "92"]
[EventDate "2000.07.06"]

1.d4 d5 2.c4 Nf6 3.Nc3 Nc6 4.Nf3 Bf5 5.Bf4 h6 6.e3 e6 7.Be2 Bd6 8.Bxd6 
Qxd6 9.c5 Qd7 10.O-O Ne7 11.Bb5 c6 12.Ba4 Ng6 13.Rc1 O-O 14.h3 Qc7 15.Re1 
e5 16.dxe5 Nxe5 17.Bc2 Bxc2 18.Rxc2 Rad8 19.Nxe5 Qxe5 20.Qd4 Qf5 21.Rcc1 
Rfe8 22.Qf4 Qe6 23.Rcd1 Rd7 24.Rd4 Qe5 25.Qxe5 Rxe5 26.Ra4 a6 27.Rd1 Rde7 
28.Rdd4 Nd7 29.b4 Rg5 30.Kf1 Rge5 31.Ra3 f5 32.Nd1 g5 33.g3 Re4 34.Kg2 Kf7
35.Nc3 Rxd4 36.exd4 Nf6 37.Na4 Ne4 38.Nb6 g4 39.hxg4 fxg4 40.f3 gxf3+ 41.
Rxf3+ Kg8 42.Nc8 Rf7 43.Rxf7 Kxf7 44.Kf3 h5 45.Kf4 Nc3 46.a3 Ne2+ 1/2-1/2

[Event "C.to Italiano U14 femminile Finale"]
[Site "Torre Macauda - Sciacca ITA"]
[Date "2000.07.06"]
[Round "2"]
[White "Pili, Erika"]
[Black "Gualdi, Daniela"]
[Result "1-0"]
[WhiteElo "1612"]
[BlackElo "1500"]
[PlyCount "91"]
[EventDate "2000.07.06"]

1.e4 Nf6 2.Nf3 Nxe4 3.Be2 Nc6 4.d3 Nf6 5.Nc3 e5 6.Ng5 h6 7.Nge4 Nxe4 8.
Nxe4 d5 9.Ng3 Be7 10.O-O Nd4 11.f4 Nxe2+ 12.Qxe2 exf4 13.Bxf4 O-O 14.Be5 
Bd6 15.Bxd6 Qxd6 16.Kh1 Be6 17.Qd2 c5 18.Rf6 gxf6 19.Qxh6 Qe5 20.Nh5 Qxh5 
21.Qxh5 Kg7 22.Rf1 Rh8 23.Qf3 Rh6 24.g3 Rd8 25.Kg1 Rdh8 26.Rf2 Kf8 27.c4 
dxc4 28.dxc4 b6 29.Qa8+ Kg7 30.Qxa7 Bxc4 31.b3 Be6 32.Qxb6 Rc8 33.Re2 Kg6 
34.Qa6 Rhh8 35.Qd3+ Kg7 36.Rf2 Rhd8 37.Qc3 Rd4 38.a3 Bh3 39.Rd2 Rxd2 40.
Qxd2 Be6 41.Qc3 Kg6 42.h4 Kg7 43.Kf2 Kg6 44.Kf3 Kg7 45.Kf4 Kg6 46.g4 1-0

[Event "C.to Italiano U14 femminile Finale"]
[Site "Torre Macauda - Sciacca ITA"]
[Date "2000.07.06"]
[Round "2"]
[White "Zocco, Michela"]
[Black "Bianchini, Aurora"]
[Result "0-1"]
[WhiteElo "1507"]
[BlackElo "1600"]
[PlyCount "102"]
[EventDate "2000.07.06"]

1.d4 Nf6 2.c4 c5 3.d5 b5 4.e3 b4 5.Nf3 d6 6.b3 g6 7.Nbd2 Bg7 8.Bb2 Bg4 9.
Bd3 Bxf3 10.Nxf3 Nbd7 11.O-O O-O 12.Re1 Re8 13.e4 e6 14.dxe6 fxe6 15.e5 
dxe5 16.Nxe5 Nxe5 17.Bxe5 Nh5 18.Bxg7 Nxg7 19.Be4 Qxd1 20.Raxd1 Rad8 21.h3
a5 22.Bc6 Rf8 23.g3 h6 24.Rxd8 Rxd8 25.Re5 Rd2 26.Rxc5 Rxa2 27.Ba4 Nf5 28.
Rxa5 Nd4 29.c5 Nxb3 30.Bxb3 Rxa5 31.Bxe6+ Kf8 32.c6 Rc5 33.Bb3 Rxc6 34.Kf1
Rc3 35.Ba4 b3 36.Bxb3 Rxb3 37.Ke2 Ke7 38.Kd2 Kd6 39.Kc2 Rf3 40.Kd2 Rxf2+ 
41.Ke3 Ra2 42.Kf4 Ra5 43.h4 Ke6 44.Kg4 Ra4+ 45.Kh3 h5 46.Kh2 Kf5 47.Kh3 
Rb4 48.Kh2 Kg4 49.Kg2 Rb2+ 50.Kh1 Kxg3 51.Kg1 Rb1# 0-1

[Event "C.to Italiano U14 femminile Finale"]
[Site "Torre Macauda - Sciacca ITA"]
[Date "2000.07.07"]
[Round "3"]
[White "Bianchini, Aurora"]
[Black "Pili, Erika"]
[Result "0-1"]
[WhiteElo "1600"]
[BlackElo "1612"]
[PlyCount "94"]
[EventDate "2000.07.06"]

1.d4 d5 2.c4 c6 3.Nc3 Bf5 4.cxd5 cxd5 5.Bf4 Nf6 6.e3 a6 7.Bxb8 Rxb8 8.Qa4+
Bd7 9.Qb3 e6 10.Nf3 Bd6 11.Bd3 O-O 12.O-O Re8 13.Qc2 e5 14.dxe5 Bxe5 15.h3
Qc8 16.Rac1 Bxh3 17.gxh3 Qxh3 18.Nxe5 Rxe5 19.f3 Rg5+ 20.Kf2 Rg2+ 21.Ke1 
Rxc2 22.Rxc2 Re8 23.e4 dxe4 24.Bxe4 Nxe4 25.fxe4 h5 26.Rff2 g6 27.Rh2 Qg3+
28.Rhf2 Re5 29.Rd2 Qe3+ 30.Rde2 Qh6 31.Nd5 Rg5 32.Rh2 Rg1+ 33.Kf2 Qg5 34.
Re3 Rd1 35.Rg2 Rd2+ 36.Re2 Rxe2+ 37.Kxe2 Qxg2+ 38.Ke3 Qxb2 39.Ne7+ Kf8 40.
Nxg6+ fxg6 41.Kf4 Qf6+ 42.Ke3 h4 43.e5 Qxe5+ 44.Kf3 g5 45.Kg4 Kg7 46.a4 
Kg6 47.a5 Qg3# 0-1

[Event "C.to Italiano U14 femminile Finale"]
[Site "Torre Macauda - Sciacca ITA"]
[Date "2000.07.07"]
[Round "3"]
[White "Gualdi, Daniela"]
[Black "Zocco, Michela"]
[Result "1/2-1/2"]
[WhiteElo "1500"]
[BlackElo "1507"]
[PlyCount "40"]
[EventDate "2000.07.06"]

1.d4 Nf6 2.Nf3 g6 3.c4 Bg7 4.Nc3 d6 5.e4 Bg4 6.Be2 Nbd7 7.h3 Bxf3 8.Bxf3 
c6 9.Be3 O-O 10.O-O Rc8 11.Rc1 c5 12.d5 Qb6 13.Qb3 Rfe8 14.Be2 e6 15.f3 
exd5 16.cxd5 a6 17.Bf4 Qxb3 18.axb3 Ne5 19.Nd1 Nh5 20.Bh2 Rcd8 1/2-1/2